Os irmãos Karamázovi / (Record no. 272)

MARC details
000 -LÍDER
campo de controle de tamanho fixo 01651nam a22003377a 4500
001 - NÚMERO DE CONTROLE
campo de controle 272
003 - IDENTIFICADOR DO NÚMERO DE CONTROLE
campo de controle OSt
005 - DATA E HORÁRIO DA ÚLTIMA TRANSAÇÃO
campo de controle 20250528074016.0
008 - CAMPO DE DADOS FIXOS--INFORMAÇÃO GERAL
campo de controle de tamanho fixo 250313b |||||||e |||| 00| f eng d
020 ## - ISBN - INTERNATIONAL STANDARD BOOK NUMBER
ISBN - International Standard Book Number 9788533207356
040 ## - FONTE DA CATALOGAÇÃO
Idioma da catalogação por
041 ## - CÓDIGO DE IDIOMA
Código do idioma do original e/ou traduções intermediárias do texto rus
Código do idioma do texto/trilha sonora ou título diferente por
082 ## - CDD - CLASSIFICAÇÃO DECIMAL DE DEWEY
Número de Classificação 891.73
Número do exemplar D724i
100 ## - ENTRADA PRINCIPAL--NOME PESSOAL
Nome pessoal Dostoiévsk, Fiódor Mikhailovitch
Datas associadas ao nome 1821- 1881
240 ## - TÍTULO UNIFORME
Título uniforme Братья Карамазовы
245 ## - TÍTULO
Título Os irmãos Karamázovi /
Indicação de responsabilidade, etc. Dostoiévsk, Fiódor Mikhailovitch ; Tradução de Natália Nunes e Oscar Mendes
260 ## - PUBLICAÇÃO, DISTRIBUIÇÃO, ETC.
Local de publicação, distribuição, etc. Rio de Janeiro
Nome do editor, distribuidor, etc. Abril
Data da publicação, distribuição, etc. 1971
300 ## - DESCRIÇÃO FÍSICA
Extensão 534 p.
490 1# - TÍTULO DA SÉRIE
Título da série Os imortais da Literatura Universal
520 ## - NOTA DE RESUMO, ETC.
Resumo, etc. "Os irmãos Karamázov" é o último romance de Dostoiévski. No fundo, ele resume toda a criatividade do escritor, trazendo à baila as "malditas" questões existenciais que o afligiram a vida inteira, com especial relevo para a flagrante degradação moral da humanidade afastada dos ideais cristãos. Cheia de peripécias, a narrativa põe em foco três protagonistas irmãos, representantes dos mais diversos aspectos da realidade russa — o libertino Dmítri, o niilista Ivan e o sublime Aliocha —, a fim de alumiar as profundezas insondáveis do coração entregue ao pecado, corrompido por dúvidas ou transbordante de amor.
650 #0 - ASSUNTO--TERMO TÓPICO
Cabeçalho tópico ou nome geográfico Literatura Russa
9 (RLIN) 195
650 #0 - ASSUNTO--TERMO TÓPICO
Cabeçalho tópico ou nome geográfico Histórico
9 (RLIN) 53
650 #0 - ASSUNTO--TERMO TÓPICO
Cabeçalho tópico ou nome geográfico Clássicos
9 (RLIN) 77
650 #0 - ASSUNTO--TERMO TÓPICO
Cabeçalho tópico ou nome geográfico Religião
9 (RLIN) 100
655 #0 - TERMO DE ÍNDICE--GÊNERO E FORMA
Gênero/forma/ou termo foco Romance
655 #0 - TERMO DE ÍNDICE--GÊNERO E FORMA
Gênero/forma/ou termo foco Ficção
700 ## - ENTRADA ADICIONADA - NOME PESSOAL
Nome pessoal Natália Nunes
Função do autor por extenso Tradutora
9 (RLIN) 504
700 ## - ENTRADA ADICIONADA - NOME PESSOAL
Nome pessoal Oscar Mendes
Função do autor por extenso Tradutor
9 (RLIN) 187
830 ## - ENTRADA SECUNDÁRIA DE SÉRIE--TÍTULO UNIFORME
Título uniforme Os Imortais da Literatura Universal
9 (RLIN) 461
Número do volume ou designação sequencial da série vol. 01
942 ## - ELEMENTOS DE ENTRADA ADICIONADOS (KOHA)
Fonte de classificação ou esquema de arquivamento Classificação decimal de Dewey
Ocultar no OPAC Não
Tipo de material Koha Livros
Holdings
Situação do descarte Situação das perdas Fonte de classificação ou esquema de arquivamento Status danificado Não pode ser emprestado Coleção Biblioteca de origem Biblioteca atual Localização na estante Data de aquisição Fonte de aquisição Total de empréstimos Número de chamada completo Código de barras Data de último acesso Data do preço efetivo Tipo de material Koha
    Classificação decimal de Dewey     Ficção Biblioteca Professor Eduardo Afonso de Castro Biblioteca Professor Eduardo Afonso de Castro Literatura Estrangeira 13.03.2025 doação   891.73 / D724i 2025-17227 13.03.2025 13.03.2025 Livros

Powered by Koha